Manual de exploración clínica y de diagnóstico médico / (Record no. 140519)

MARC details
000 -LEADER
campo de control de longitud fija 00724nam a2200193 4500
001 - NÚMERO DE CONTROL
campo de control 140519
003 - IDENTIFICADOR DE NÚMERO DE CONTROL
campo de control ES-MaACL
005 - FECHA Y HORA DE LA ÚLTIMA TRANSACCIÓN
campo de control 20230906200109.0
007 - CAMPO FIJO DE DESCRIPCIÓN FÍSICA--INFORMACIÓN GENERAL
campo de control de longitud fija t|
008 - DATOS DE LONGITUD FIJA--INFORMACIÓN GENERAL
campo de control de longitud fija 070214s1908 sp r ||||1| spa d
100 1# - ENTRADA PRINCIPAL--NOMBRE DE PERSONA
Nombre de persona Seifert, Otto.
9 (RLIN) 105255
245 10 - MENCIÓN DEL TÍTULO
Título Manual de exploración clínica y de diagnóstico médico /
Mención de responsabilidad, etc. O. Seifert y F. Müller ; traducido directamente de la 12ª ed. alemana por Francisco Tous Biaggi ; con un prólogo de Eusebio Oliver.
260 ## - PUBLICACIÓN, DISTRIBUCIÓN, ETC.
Lugar de publicación, distribución, etc. Barcelona :
Nombre del editor, distribuidor, etc. Manuel Martín,
Fecha de publicación, distribución, etc. 1908 (
Fabricante Borrás y Mestres)
300 ## - DESCRIPCIÓN FÍSICA
Extensión IX, 439 p. ;
Dimensiones 20 cm.
700 1# - ENTRADA AGREGADA--NOMBRE PERSONAL
Nombre de persona Müller, Friedrich.
9 (RLIN) 84121
700 1# - ENTRADA AGREGADA--NOMBRE PERSONAL
Nombre de persona Tous Biaggi, Francisco.
9 (RLIN) 111157
700 1# - ENTRADA AGREGADA--NOMBRE PERSONAL
Nombre de persona Oliver, Eusebio.
9 (RLIN) 86806
852 ## - LOCALIZACIÓN
Ubicación ES-MaACL
Número de control de estantería B-11775
Holdings
Estatus retirado Estado de pérdida Estado de daño No para préstamo Biblioteca de origen Biblioteca actual Ubicación en estantería Fecha de adquisición Fuente de adquisición Total de préstamos Signatura topográfica completa Código de barras Visto por última vez Precio de reemplazo Tipo de ítem Koha
        Biblioteca del Ateneo de Madrid Biblioteca del Ateneo de Madrid Sala Pardo Bazán 17/01/2008     B-11775 1146228 23/02/2023 23/02/2023 Libro impreso